000 01548cam a22004814i 4500
003 PE-LiUPU
005 20250731180134.0
008 150625s r 000 0 d
020 _a9682613140
035 _a(Sirsi) i9789682613142
040 _aPE-LiUPU
_bspa
_cPE-LiUPU
_erda
049 _aPRUA
082 0 4 _a515
_bC144
_221
245 0 0 _aCálculo aplicado /
_cDeborah Hughes-Hallet .. [et al.] .
264 1 _aMéxico :
_bCECSA,
_c2004.
300 _a475 páginas ;
_c27 centímetros
336 _atext
_2rdacontent
337 _aunmediated
_2rdamedia
338 _avolume
_2rdacarrier
505 0 _aFunciones y cambio. -Rapidez de cambio: la derivada. -Cambio acumulado: La integral definida. -Métodos breves de derivación. -Uso de la derivada. -Uso de la integridad. -Funciones de varias variables. -Ecuaciones diferenciales. .
526 _aSEG44
526 _aSEG26
526 _aP159
526 _aP155
526 _aP154
526 _aP153
526 _aP150
526 _aP100
526 _aP31
526 _aP30
526 _aP26
526 _aP25
526 _aP24
526 _aP22
526 _aP15
526 _aP10
650 0 4 _aCálculo.
700 1 _aHughes-Halltt, Deborah.
942 _2ddc
_cBOOK
949 _a515 C21
_wDEWEY
_c1
_i57829
_lCCODEBUL1
_mBUL
_p37.00
_r0
_sY
_tBOOK
_u2015-6-25
_xINGENIERIA
_0COMPRA
_o.STAFF. Colección General
980 _81
_gALBERTO SANCHEZ Responsable de Automatización
999 _c46827
_d46827